Province di Frontiera - Morte improvvisa - Statistics

Statistiche generali
  • Questo quiz è stato fatto 209 volte
  • Il punteggio medio è 8 su 16
Answers on the Grid
Answers color-coded by a green-red scale on the quiz's grid according to % correct below.
Imperia
Torino
Varese
Sondrio
Bolzano
Belluno
Udine
Gorizia
Trieste
Cuneo
Verbano-Cusio-Ossola
Como
Aosta
Roma
Rimini
Pesaro-Urbino
Asti
Savona
Novara
Lecco
Milano
Trento
Treviso
Pordenone
Pavia
Parma
Rieti
Perugia
Firenze
Avellino
 
Statistiche sulle risposte
Risposta % Corretto
Aosta
65%
Sondrio
65%
Bolzano
62%
Trieste
62%
Gorizia
60%
Imperia
56%
Como
52%
Varese
49%
Udine
48%
Cuneo
46%
Verbano-Cusio-Ossola
46%
Torino
45%
Belluno
43%
Roma
35%
Rimini
32%
Pesaro-Urbino
30%
Nessun quiz corrispondente trovato
Distribuzione punteggi
Percentuale di utenti per punteggio
Percentile per numero di risposta
I tuoi punteggi nel tempo
Non hai fatto questo quiz